Variation in nutritional quality of plants for deer in relation to sunny versus shady environments /

Bibliographic Details
Main Author: Hanley, Thomas A.
Corporate Author: Pacific Northwest Research Station (Portland, Or.)
Other Authors: Barnard, Jeffrey C.
Format: Government Document Book
Language:English
Published: Portland, OR : United States Department of Agriculture, Forest Service, Pacific Northwest Research Station, September 2014.
Series:Research paper PNW ; 602.
Subjects:
Online Access:http://www.fs.fed.us/pnw/pubs/pnw_rp602.pdf

MARC

Tag First Indicator Second Indicator Subfields
LEADER 00000cam a2200000Ii 4500
001 in00003495021
005 20151206124302.0
008 141120s2014 orua b f000 0 eng
035 |a (OCoLC)ocn896341950 
035 |a (OCoLC)896341950 
040 |a AGL  |e rda  |c AGL  |d AGL  |d OCLCO  |d TXA  |d UtOrBLW 
049 |a TXAM 
070 0 |a aQL737.U55  |b H35 2014 
086 0 |a A 13.78:PNW-RP-602 
100 1 |a Hanley, Thomas A. 
245 1 0 |a Variation in nutritional quality of plants for deer in relation to sunny versus shady environments /  |c Thomas A. Hanley and Jeffrey C. Barnard. 
264 1 |a Portland, OR :  |b United States Department of Agriculture, Forest Service, Pacific Northwest Research Station,  |c September 2014. 
300 |a 30 pages :  |b color illustrations ;  |c 28 cm. 
336 |a text  |b txt  |2 rdacontent 
337 |a unmediated  |b n  |2 rdamedia 
338 |a volume  |b nc  |2 rdacarrier 
490 1 |a Research paper PNW ;  |v RP-602 
500 |a Cover title. 
504 |a Includes bibliographical references (pages 22-26). 
530 |a Also available on the Internet. 
650 0 |a Mule deer  |x Nutrition  |z Alaska. 
650 0 |a Mule deer  |x Food  |z Alaska. 
650 0 |a Forage plants  |x Effect of light on  |z Alaska. 
650 0 |a Forage plants  |z Alaska  |x Analysis. 
700 1 |a Barnard, Jeffrey C. 
710 2 |a Pacific Northwest Research Station (Portland, Or.) 
830 0 |a Research paper PNW ;  |v 602. 
856 4 1 |u http://www.fs.fed.us/pnw/pubs/pnw_rp602.pdf  |t 0 
994 |a C0  |b TXA 
948 |a cataloged  |b h  |c 2014/11/24  |d c  |e scecil  |f 04:25:43 pm 
999 |a MARS 
999 f f |s 617d5204-9404-3756-ac0a-37277b79b87a  |i cfd21a44-f1c9-3041-8315-1ca7a096707e  |t 0 
952 f f |p normal  |a Texas A&M University  |b College Station  |c Sterling C. Evans Library  |d Evans: US Documents (Annex 5th floor)  |t 0  |e A 13.78:PNW-RP-602  |h Superintendent of Documents classification  |i unmediated -- volume  |m A14842490089 
998 f f |a A 13.78:PNW-RP-602  |t 0  |l Evans: US Documents (Annex 5th floor)